[Event "Tata Steel India 2018-Blitz"]
[Site "Kolkata"]
[Date "2018.11.14"]
[Round "11"]
[White "Mamedyarov, Shakhriyar"]
[Black "Anand, Viswanathan"]
[Result "0-1"]
[WhiteElo "2817"]
[BlackElo "2773"]
[Annotator "TA"]
[PlyCount "92"]
[EventDate "2018.11.09"]
[EventType "tourn"]
[EventCountry "IND"]
[SourceTitle "playchess.com"]
[Source "ChessBase"]
[SourceQuality "1"]

{[%evp 19,92,20,15,14,26,27,24,-16,0,1,2,0,5,-89,-91,-116,-117,-159,-143,-193,-144,-148,-123,-179,-95,-109,-108,-134,-98,-93,-98,-113,-54,-112,-116,-108,-108,-137,-135,-137,-137,-137,-137,-137,-137,-137,-137,-137,-137,-137,-135,-137,-130,-137,-116,-116,-116,-131,-131,-131,-131,-292,-131,-249,-246,-243,-182,-312,-312,-718,-589,-1318,-1098,-5852,-5813]} 1. c4 c5 2. g3 g6 3. Bg2 Bg7 4. Nc3 Nc6 5. a3 Nf6 6. Rb1 Rb8 {A36: Symmetrical English vs ...g6: 4 Bg2 Bg7} 7. b4 b6 8. Nf3 Bb7 9. O-O O-O 10. d3 (10. e3 cxb4 11. axb4 d5 12. cxd5 Nxd5 13. Nxd5 Qxd5 14. d4 {1-0 (51) Grischuk,A (2747)-Ponomariov,R (2706) Almaty 2016}) 10... d6 {LiveBook: 16 Games} 11. Qa4 $146 Nd7 12. Bb2 a6 13. Ne4 Bxb2 14. Rxb2 b5 15. Qc2 bxc4 16. dxc4 (16. bxc5 $11 {keeps the balance.} cxd3 17. exd3) 16... cxb4 $17 17. axb4 {[#]} Nxb4 $1 {[%mdl 512]} 18. Qb1 (18. Rxb4 Bxe4) 18... a5 19. Nc3 Rc8 20. Na2 Bxf3 21. Bxf3 (21. exf3 $17 {was necessary.} Nc6 22. f4) 21... Nxa2 ({Don't play} 21... Rxc4 22. Nxb4 axb4 23. Rxb4 $17) (21... Nc6 $1 $19 22. Bxc6 Rxc6) 22. Qxa2 Ne5 23. Rc1 Nxf3+ 24. exf3 Rc5 25. Rb7 d5 ({Black should try} 25... h5 $17 26. Rcb1 e6) 26. Rd1 (26. Re1 $15) 26... Rxc4 27. Rb5 e6 {aiming for ...a4.} 28. Rxa5 Qc7 29. Ra7 Qc5 30. Ra5 Rc2 {( -> ...Qxf2+)} 31. Rxc5 Rxa2 {[%mdl 4096] Endgame KRR-KRR} 32. Rb1 Ra7 33. Kg2 Kg7 34. f4 Rd8 35. Rb3 Rdd7 36. Kf3 Rdb7 37. Rxb7 Rxb7 {KR-KR} 38. g4 Kf6 39. Kg3 h5 {Threatens to win with ...Rb3+.} 40. f3 $2 (40. h3 $17 {is the only way for White.}) 40... Rb3 (40... hxg4 $1 $19 41. fxg4 Rb3+ 42. Kf2 g5) 41. gxh5 (41. h3 $17) 41... gxh5 $19 42. Rc8 {[#]} h4+ $1 {[%mdl 512]} 43. Kg4 (43. Kxh4 $142 Rxf3 44. Kg4) 43... Rb2 $1 44. h3 $2 {[#]} (44. Kxh4 Rxh2+ 45. Kg3) 44... Rg2+ $1 {Black is clearly winning.} 45. Kxh4 {[#]} Kf5 $1 {[%cal Rf5f4]} 46. Rf8 Rg7 {Precision: White = 32%, Black = 56%.} 0-1

[Event "Tata Steel India 2018-Blitz"]
[Site "Kolkata"]
[Date "2018.11.14"]
[Round "11"]
[White "Aronian, Levon"]
[Black "Praggnanandhaa R"]
[Result "1-0"]
[WhiteElo "2765"]
[BlackElo "2530"]
[Annotator "TA"]
[PlyCount "107"]
[EventDate "2018.11.09"]
[EventType "tourn"]
[EventCountry "IND"]
[SourceTitle "playchess.com"]
[Source "ChessBase"]
[SourceQuality "1"]

{[%evp 20,107,38,33,47,25,45,48,42,50,104,110,110,113,122,139,143,49,133,57,56,60,81,70,83,72,192,176,162,64,44,0,0,0,87,73,112,100,145,147,137,146,245,239,244,239,229,229,229,229,229,229,229,229,288,280,340,333,333,333,275,275,319,319,333,333,333,333,323,320,320,298,298,284,422,428,2274,2019,1264,1264,884,630,29956,29960,9795,4794,29972,29973,29971,29972]} 1. e4 c6 2. d4 d5 3. exd5 cxd5 4. c3 Nc6 5. Bd3 Qc7 6. h3 Nf6 {[%cal Bg8f6,Bf6h5,Bh5f4][%mdl 32]} 7. Nf3 g6 8. Qc2 {B13: Caro-Kann: Exchange Variation and Panov-Botvinnik Attack} (8. O-O Bf5 9. Ne1 e6 10. Bg5 Be7 11. Nd2 h6 12. Be3 g5 13. Bxf5 exf5 14. Ndf3 O-O-O 15. Nd3 Ne4 {0-1 (33) Iljiushenok,I (2539)-Artemiev,V (2706) Sochi 2018}) 8... Bg7 9. O-O O-O 10. Re1 Nh5 11. Be3 {LiveBook: 7 Games} Re8 $146 ({Predecessor:} 11... a6 12. Qd2 b5 13. Na3 Bb7 14. Bh6 f6 15. Bxg7 Kxg7 {0-1 (33) Ioffe,I (2280)-Zontakh,A (2522) Voronezh 2017}) 12. Nbd2 Nf4 13. Bf1 Bf5 14. Qb3 h5 (14... Red8 $14) 15. Bxf4 $16 Qxf4 16. Qxd5 e5 {[%cal Re5d4]} 17. g3 Qh6 18. h4 ({White should try} 18. Bc4 $16) 18... Be6 {[#]} (18... exd4 $14 19. cxd4 Red8) 19. Qc5 (19. Qb5 $1 $16 exd4 20. Ne4) 19... exd4 $14 20. Ng5 ({Much weaker is} 20. cxd4 Rec8 $11) 20... dxc3 21. bxc3 Rad8 22. Nde4 Be5 (22... Bh8 $16) 23. Nxe6 $18 Rxe6 24. Ng5 (24. Bc4 $18 Re7 25. f4) 24... Re7 $1 $14 25. Rad1 Rxd1 26. Rxd1 {[#] And now Rd8+! would win.} Qg7 (26... Qf8 $11) 27. Bc4 $16 Qf6 28. Nxf7 Kg7 29. Ng5 $36 {[%mdl 2048] Black is under strong pressure.} Bxc3 {Threatening ...Bd4.} 30. Qd5 {Strongly threatening Ne4.} Bd4 (30... Kh6 $16 {keeps fighting.}) 31. Qg8+ Kh6 32. Nf7+ Rxf7 33. Qxf7 Bxf2+ 34. Kg2 Qxf7 35. Bxf7 $18 {[%mdl 4096] Endgame KRB-KBN} Bc5 36. Bd5 Ne5 37. Bxb7 Bb6 38. Be4 Kg7 39. Rd6 Kf7 40. Bd5+ Kg7 41. Re6 Ng4 42. Be4 Nf6 43. Bc2 Kf7 44. Bb3 {aiming for Rxb6+.} Kg7 45. Re7+ Kh6 46. Kf3 g5 (46... Bd4 {is a better defense.} 47. Bc2 a5) 47. Bc2 g4+ (47... gxh4 $142 48. gxh4 Bd4) 48. Ke2 Bc5 49. Rf7 Bd4 50. Bf5 a5 51. Kd3 Be5 52. Kc4 (52. a4 $142 Ba1 53. Kc4) 52... Bb2 53. Kb5 Bc3 54. a4 {Precision: White = 72%, Black = 36%.} 1-0

[Event "Tata Steel India 2018-Blitz"]
[Site "Kolkata"]
[Date "2018.11.14"]
[Round "11"]
[White "So, Wesley"]
[Black "Vidit, Santosh Gujrathi"]
[Result "1/2-1/2"]
[WhiteElo "2765"]
[BlackElo "2702"]
[Annotator "TA"]
[PlyCount "111"]
[EventDate "2018.11.09"]
[EventType "tourn"]
[EventCountry "IND"]
[SourceTitle "playchess.com"]
[Source "ChessBase"]
[SourceQuality "1"]

{[%evp 27,111,14,17,8,32,16,21,13,19,2,15,0,0,0,0,-5,26,-64,-55,-67,-58,-83,-82,-289,0,-116,-126,-95,-106,-173,-108,-215,-222,-226,-220,-323,-331,-332,-338,-325,-313,-347,-164,-275,-265,-459,-182,-183,-143,-320,-340,-714,-696,-1473,-1351,-1197,-214,-967,-412,-1138,-816,-736,-387,-288,-103,-103,-103,-103,-87,-87,-87,-87,-84,-84,-77,-84,-77,-29969,-84,-84,0,0,0,0,0,0]} 1. c4 c5 2. Nf3 Nf6 3. Nc3 Nc6 4. g3 d5 5. d4 cxd4 6. Nxd4 dxc4 7. Nxc6 Qxd1+ 8. Nxd1 bxc6 9. Bg2 Nd5 10. Ne3 e6 {A34: Symmetrical English: 2 Nc3, lines with ...d5} 11. Nxc4 Ba6 12. Na5 (12. b3 Bb4+ 13. Bd2 Ke7 14. Rc1 Rhc8 15. Ne5 c5 16. Bxb4 cxb4 17. Rxc8 Rxc8 18. Bxd5 Kd6 19. Bf3 Kxe5 20. Kd2 Rc5 21. a3 bxa3 {½-½ (36) Aronian,L (2795)-Gelfand,B (2743) Moscow 2016}) 12... Rc8 13. Bd2 Be7 14. Rc1 c5 {LiveBook: 11 Games} 15. b3 O-O 16. O-O Bf6 17. Rfe1 $146 ({Predecessor:} 17. Bf3 Rfd8 18. a4 {½-½ (37) Rudykh,S (2204)-Owens,J (2113) ICCF email 2016}) 17... Rfd8 18. Bf3 g5 19. e4 Nb4 20. Bxb4 $1 cxb4 21. Nc6 {Threatens to win with e5.} Bc3 22. Ne7+ ({Better is} 22. Nxd8 $11 Bxe1 23. Rxc8 (23. Rxe1 Rxd8 24. Rc1 Rd2 $11) 23... Bxc8 24. Bh5) 22... Kf8 23. Nxc8 Bxe1 24. Nxa7 Bc3 $1 25. a4 $2 {[#]} (25. Rd1 $17 {was worth a try.} Rxd1+ 26. Bxd1) 25... Rd2 $2 ({Black should play} 25... bxa3 $1 $19 26. Rxc3 Rd3) 26. Nc6 (26. Nb5 $11 Bxb5 27. axb5) 26... Rb2 $17 {[%mdl 1024] Black has strong compensation.} 27. Nb8 Bb7 28. Rd1 (28. a5 $17 Bd4 29. Rc4 Bxf2+ 30. Kf1) 28... g4 (28... e5 $19 29. Nd7+ Ke7) 29. Bg2 (29. Nd7+ $17 Kg7 30. Bxg4 Bxe4 31. Nc5) 29... e5 $19 30. Nd7+ Ke7 31. Nc5 (31. Nb6 $142 Bd4 32. Nc4 Bxf2+ 33. Kh1 Rxb3 34. Nxe5 (34. Na5 $2 Rc3 $19)) 31... Bc6 32. a5 Bd4 33. Nd3 Rxb3 34. a6 Bb5 (34... Ba4 $142 35. Bf1 Ra3) 35. a7 (35. Bf1 $142 Bc6 36. a7) 35... Bxa7 ({And not} 35... Rxd3 36. Rxd3 Bxa7 37. Rd5 $14) 36. Nxe5 $2 (36. Bf1 {was the only defense.} Bxd3 37. Bxd3) 36... h5 $2 (36... Ke6 37. h3 Be2) 37. Bf1 Be8 38. Bc4 $2 (38. Nd3 $17) 38... Rc3 {And now ...f6 would win.} 39. Bxf7 $2 (39. Bd5) 39... Bxf7 40. Rd7+ Ke6 41. Rxa7 {[%mdl 4096] Endgame KRB-KRN} Be8 $2 (41... Kxe5 42. Rxf7 b3 43. Re7+ Kd4) 42. Rb7 $2 (42. Ra8 Kxe5 43. Rxe8+ Kd4 44. e5) 42... b3 (42... Kxe5 $142 43. Re7+ Kd4 44. Rxe8 b3) 43. Nc4 (43. f4 $142 gxf3 44. Nc4 Rxc4 45. Rxb3) 43... Rxc4 44. Rxb3 Rxe4 {KRB-KR} 45. f3 Re2 $2 (45... Rc4 $19 {has better winning chances. Hoping for ...Rc1+.} 46. fxg4 Rc1+ 47. Kf2 hxg4 48. Re3+ Kf7) 46. fxg4 $17 hxg4 {aiming for ...Bc6.} 47. Rb4 Kf5 {[#] ...Kg5 is the strong threat.} 48. h3 $1 {[%mdl 512]} gxh3 49. Rh4 Bc6 {( -> ...Rg2+)} 50. Rxh3 Kg4 51. Rh6 Be4 ({Much weaker is} 51... Kxg3 $6 52. Rg6+ Kf4 53. Rxc6 $11) 52. Kf1 $2 {[%mdl 8192] [#]} (52. Rh2 $17) 52... Rc2 $2 (52... Kf3 $1 {mates} 53. Rb6 Re3 54. Rb8 Bd3+ 55. Kg1 Re2 56. Rf8+ Kxg3 57. Rg8+ Kf3 58. Rf8+ Ke3 59. Rb8 Rd2 60. Rc8 Be4 61. Rc3+ Kf4 62. Ra3 Bg2 63. Ra5 Rc2 64. Ra3 Bf3 65. Kf1 Rh2 66. Rc3 Rb2 67. Ke1 Ke4 68. Ra3 Re2+ 69. Kf1 Kf4 70. Rd3 Rh2 71. Ke1 Kg3 72. Re3 Kf4 73. Rc3 Rg2 74. Rd3 Kg3 75. Rc3 Rf2 76. Re3 Ra2 77. Rd3 Rc2 78. Re3 Ra2 79. Rd3 Rb2 80. Rc3 Ra2 81. Rd3) 53. Rf6 Rb2 (53... Kxg3 $17 54. Ke1 Bf3) 54. Rf4+ $11 {The position is equal.} Kxg3 55. Rxe4 Kf3 56. Re7 {Precision: White = 25%, Black = 38%.} 1/2-1/2

[Event "Tata Steel India 2018-Blitz"]
[Site "Kolkata"]
[Date "2018.11.14"]
[Round "11"]
[White "Karjakin, Sergey"]
[Black "Ganguly, Surya Shekhar"]
[Result "1/2-1/2"]
[WhiteElo "2753"]
[BlackElo "2615"]
[Annotator "TA"]
[PlyCount "99"]
[EventDate "2018.11.09"]
[EventType "tourn"]
[EventCountry "IND"]
[SourceTitle "playchess.com"]
[Source "ChessBase"]
[SourceQuality "1"]

{[%evp 23,99,-13,-14,-18,-8,-36,-18,-53,-43,-63,-38,-57,-58,-69,-69,-66,-79,-89,-81,-137,-135,-85,-61,-63,-57,-58,-54,-78,-50,-73,-17,-14,0,-56,-15,-38,-36,-52,-52,-47,-52,-45,0,0,35,36,30,32,62,0,20,13,39,2,675,668,592,122,114,83,304,51,54,0,0,-43,-43,-43,-43,-43,-43,-43,-43,-43,-43,-43,-43,-33]} 1. Nf3 d5 2. e3 Nf6 3. c4 e6 4. b3 b6 5. Bb2 Bb7 6. cxd5 exd5 7. Nc3 Nbd7 8. d4 Bd6 9. Bd3 O-O 10. O-O a6 11. Rc1 {E14: Queen's Indian: Classical Variation (4 e3)} Qe7 12. Rc2 Ne4 {LiveBook: 5 Games} 13. Qc1 {[#] The position is equal.} Rac8 $146 ({Predecessor:} 13... Ndf6 14. Ne2 c5 15. Ng3 Nxg3 16. hxg3 Ne4 17. dxc5 bxc5 18. Bxe4 dxe4 {1-0 (33) Karjakin,S (2785)-Fressinet,L (2672) Doha 2016}) 14. Nb1 f5 15. Ba3 c5 {[%cal Bc7c5,Bc5d4][%mdl 32]} 16. g3 Qf7 17. Nc3 Nxc3 18. Rxc3 cxd4 19. Bxd6 Rxc3 20. Qd2 Nc5 21. Bb1 (21. Bxc5 $142 Rxc5 22. exd4) 21... Rc8 $17 {Hoping for ...Ne4.} 22. Qxd4 Ne4 23. Ba3 Qe6 24. Bb2 {[#] Black must now prevent Bxe4.} R3c7 25. a4 h6 26. h4 Nc3 ({Better is} 26... a5 $17) 27. Bd3 $11 Ne4 28. b4 (28. Bb1 $1 $11) 28... Nc3 29. Ra1 b5 30. axb5 Nxb5 (30... axb5 $6 31. Ra7 $14) 31. Qf4 {[#]} d4 $1 32. Bxf5 (32. Bxd4 Qd5) 32... Qc6 33. e4 $1 (33. Bxc8 Rxc8 34. Rc1 Nc3 $17) 33... Rf8 34. Nxd4 Nxd4 35. Bxd4 Rcf7 36. g4 (36. Qc1 $14) 36... Qc4 37. Bc5 Rd8 38. Rc1 Qe2 $2 {[%mdl 8192]} (38... Rxf5 $11 39. gxf5 (39. Rxc4 $2 {loses.} Rxf4 40. Kh2 Rd3 $19) 39... Qxe4 40. Qxe4 Bxe4) 39. Be6 $18 Rdd7 40. Be3 $2 (40. f3 $18 {and the rest is easy.} Qb2 41. g5 hxg5 42. hxg5) 40... Rde7 $16 41. Bb3 {h5 is the strong threat.} Qb2 $2 (41... Qd3 $16 42. Ba2 (42. Bxf7+ Rxf7 43. Qe5 Qd7 $11) 42... Qe2) 42. Bxf7+ $2 ({Only move:} 42. Bc4 $18) 42... Rxf7 $14 43. Qd6 (43. Qg3 $14) 43... Rxf2 $1 $11 44. Qe6+ Kh7 {( -> ...Rg2+). Black is slightly better.} 45. Bxf2 {Qf5+ would kill now.} Qxc1+ 46. Kg2 Qf4 47. Qf5+ Qxf5 48. gxf5 Bxe4+ 49. Kg3 Bxf5 50. Bd4 {Precision: White = 36%, Black = 42%.} 1/2-1/2

[Event "Tata Steel India 2018-Blitz"]
[Site "Kolkata"]
[Date "2018.11.14"]
[Round "11"]
[White "Harikrishna, Pentala"]
[Black "Nakamura, Hikaru"]
[Result "1-0"]
[WhiteElo "2729"]
[BlackElo "2746"]
[Annotator "TA"]
[PlyCount "107"]
[EventDate "2018.11.09"]
[EventType "tourn"]
[EventCountry "IND"]
[SourceTitle "playchess.com"]
[Source "ChessBase"]
[SourceQuality "1"]

{[%evp 24,107,2,4,18,25,21,7,31,38,20,19,45,46,78,74,74,75,85,54,63,39,37,41,41,37,40,31,51,28,36,21,27,27,47,37,50,39,59,33,72,72,85,85,101,85,105,111,110,115,112,121,158,141,204,152,177,143,211,205,256,247,245,252,284,285,278,277,286,285,267,264,717,686,807,802,758,541,662,662,625,631,604,611,472,441]} 1. e4 e5 2. Nf3 Nc6 3. Bb5 Nf6 4. O-O Nxe4 5. Re1 Nd6 6. Nxe5 Be7 7. Bf1 Nxe5 8. Rxe5 O-O 9. d4 Bf6 10. Re1 Re8 {C67: Ruy Lopez: Berlin Defence: 4 0-0 Nxe4} 11. Rxe8+ Nxe8 12. d5 d6 13. Nd2 {[%cal Bb1d2,Bd2c4,Bc4e3,Be3f5][%mdl 32] LiveBook: 9 Games} c6 14. Nc4 cxd5 15. Qxd5 {[#]} Qe7 $146 ({Predecessor:} 15... Qc7 16. Qd3 Be6 17. Ne3 Rd8 18. c3 {½-½ (32) Harikrishna,P (2743)-So,W (2776) Batumi 2018}) 16. Ne3 Be6 17. Qf3 Rc8 18. c3 Bg5 19. Nf5 Qf6 {[#] Strongly threatening ...Bxc1.} 20. Bxg5 Qxg5 21. Nd4 Bd5 22. Qf5 (22. Qh3 {is more complex.} Rc7 23. Rd1 g6 24. Nf3 Bxf3 25. Qxf3 Qe5 26. g3) 22... Qxf5 23. Nxf5 {[#] Black must now prevent Ne7+.} Kf8 24. Ne3 Be6 25. a4 Nf6 26. Rd1 Ke7 27. f3 Rc5 28. Rd4 a6 29. Kf2 Bd7 30. g4 h5 31. h4 {[%cal Bh2h4,Bh4h5][%mdl 32]} hxg4 32. fxg4 g5 33. h5 d5 34. Bd3 Kf8 35. Rb4 b5 36. axb5 axb5 37. Kf3 Kg7 38. Bf5 Bc6 (38... Be6 $16) 39. Rd4 Ne8 40. Bd3 Nc7 (40... Bd7 $16 41. Ke2 (41. Nxd5 Bc6 $16) 41... Be6) 41. Nf5+ $18 Kh8 42. Ke3 Ne6 43. Rb4 Bd7 44. Nd6 Nf4 45. Nxf7+ Kg7 46. Nxg5 Nxd3 47. Kxd3 {[%mdl 4096] Endgame KRB-KRN} d4 $2 (47... Rc4 48. h6+ Kxh6) 48. Rxd4 {White is clearly winning.} Bc8 49. Ne4 Re5 50. Nd6 Bd7 51. Nf5+ Bxf5+ 52. gxf5 Rxf5 53. Rh4 Kh6 54. Kc2 {Precision: White = 65%, Black = 43%.} 1-0

[Event "Tata Steel India 2018-Blitz"]
[Site "Kolkata"]
[Date "2018.11.14"]
[Round "12"]
[White "Anand, Viswanathan"]
[Black "Karjakin, Sergey"]
[Result "1/2-1/2"]
[WhiteElo "2773"]
[BlackElo "2753"]
[Annotator "TA"]
[PlyCount "106"]
[EventDate "2018.11.09"]
[EventType "tourn"]
[EventCountry "IND"]
[SourceTitle "playchess.com"]
[Source "ChessBase"]
[SourceQuality "1"]

{[%evp 23,106,33,11,-8,0,-16,0,-4,17,0,19,0,53,-8,85,71,118,105,92,92,97,97,80,89,97,99,96,91,94,96,91,90,101,0,76,47,52,36,37,50,53,78,128,110,128,128,160,104,102,90,208,201,202,171,194,145,255,255,243,248,261,255,270,274,261,258,266,259,238,183,260,217,302,166,277,20,14,23,69,0,8,0,63,0,11]} 1. e4 c6 2. d4 d5 3. Nc3 dxe4 4. Nxe4 Bf5 5. Ng3 Bg6 6. h4 h6 7. Nf3 Nd7 8. h5 Bh7 9. Bd3 Bxd3 10. Qxd3 e6 11. Bd2 Ngf6 12. O-O-O a5 {LiveBook: 18 Games. B19: Classical Caro-Kann: 4...Bf5 main line} (12... Be7 13. Kb1 O-O 14. Ne4 c5 15. g4 Nxg4 16. Qe2 Qb6 17. Ne5 Ndxe5 18. dxe5 f5 19. exf6 Nxf6 20. Nc3 Rad8 21. Rhg1 Kh8 22. Rg6 {½-½ (38) Saric,I (2662)-Nisipeanu,L (2672) Heraklio 2017}) 13. Nf1 a4 $146 ({Predecessor:} 13... Bb4 14. Ne3 b5 15. g4 Bxd2+ 16. Nxd2 Qc7 17. Rdf1 Rd8 18. c3 Qf4 19. Rhg1 Nc5 20. Qe2 {0-1 (58) Cukrowski,F (2346)-Socko,M (2469) Katowice 2016}) 14. Ne3 Be7 15. g4 Nd5 16. c4 Nxe3 17. Bxe3 Qa5 (17... b5 $11) 18. Qc2 (18. Kb1 $14) 18... O-O-O (18... b5 $11 {keeps the balance.}) 19. Kb1 $16 Kb8 20. Bf4+ Ka8 21. Rd3 Rc8 22. Rc1 Rhd8 23. c5 {Black must now prevent Rc3.} b5 24. cxb6 Nxb6 25. Ne5 Nd5 26. Bd2 ({Not} 26. Nxc6 Qb5 $17) 26... Qb5 27. Qc4 {[%cal Re5c6]} Nb6 28. Qc2 (28. Qxb5 $16 {Intending Qa6+ and mate.} cxb5 29. Nxf7 Rxc1+ 30. Kxc1) 28... Kb7 (28... Nd5 $11) 29. Rc3 $36 {[%cal Re5c6][%mdl 2048] White is more active.} Bb4 $1 {[%cal Rb4c3]} 30. Nxc6 Bxc3 31. Nxd8+ Rxd8 32. Qxc3 {aiming for Qc7+.} Nd5 33. Qc4 Qxc4 34. Rxc4 {[%mdl 4096] Endgame KRB-KRN} Nb6 {[#]} 35. Rb4 ({White should play} 35. Ba5 $1) 35... Kc6 36. Kc2 f5 {[#]} (36... Ra8 $16 {keeps fighting.}) 37. gxf5 $1 $18 exf5 38. Kd3 Re8 39. Be3 Rg8 (39... Ra8 $16 40. Bf4 Rg8) 40. d5+ Nxd5 41. Rxa4 Nf6 42. Ra6+ Kd5 43. Bxh6 Nxh5 44. Bg5 Rb8 45. b3 Rb4 46. Bd2 Rg4 (46... Rd4+ $142 47. Ke3 Re4+ 48. Kf3 Nf6) 47. a4 Nf6 48. b4 (48. Bc3 $142) 48... Ne4 (48... Rd4+ $142 49. Ke2 Ne4) 49. f3 $2 (49. Ra5+ $18 Ke6 50. Be3) 49... Rg3 $11 50. Ra5+ Ke6 51. Ra6+ (51. Ra8 $14) 51... Kd5 52. Ra5+ (52. Be3 $11 Rxf3 53. Ra5+ Kc6 54. b5+ (54. Ke2 Rh3 $11) 54... Kd6 55. b6) 52... Ke6 $14 53. Ra6+ (53. Be3 $14) 53... Kd5 {Precision: White = 49%, Black = 35%.} 1/2-1/2

[Event "Tata Steel India 2018-Blitz"]
[Site "Kolkata"]
[Date "2018.11.14"]
[Round "12"]
[White "Nakamura, Hikaru"]
[Black "Aronian, Levon"]
[Result "1-0"]
[WhiteElo "2746"]
[BlackElo "2765"]
[Annotator "TA"]
[PlyCount "97"]
[EventDate "2018.11.09"]
[EventType "tourn"]
[EventCountry "IND"]
[SourceTitle "playchess.com"]
[Source "ChessBase"]
[SourceQuality "1"]

{[%evp 16,97,1,0,18,14,21,12,26,20,14,0,18,16,27,14,19,21,29,17,22,-27,17,-25,20,29,29,23,29,29,27,32,35,27,47,43,43,39,50,51,51,47,62,62,99,62,76,53,56,55,69,62,70,50,97,89,83,83,168,150,286,275,304,304,309,302,292,300,306,294,310,145,184,98,98,98,98,0,112,40,67,0,0,0]} 1. e4 e5 2. Nf3 Nc6 3. Bb5 a6 4. Bxc6 dxc6 5. O-O Be7 6. Nxe5 {C68: Ruy Lopez: Exchange Variation, sidelines} Qd4 7. Qh5 Be6 8. d3 Nf6 9. Nf3 {LiveBook: 4 Games} Qxf2+ ({Much weaker is} 9... Nxh5 $6 10. Nxd4 Bd7 11. Nc3 $16) (9... Qxd3 $5 10. Qxf7+ Bxf7 11. cxd3 Rd8 $14) 10. Kxf2 (10. Rxf2 Nxh5 11. Nd4 Nf6 12. h3 Nd7 13. Be3 Bh4 {½-½ (49) Volokitin,A (2640)-Lenic,L (2625) Austria 2016}) 10... Nxh5 11. h3 Nf6 $146 ({Predecessor:} 11... h6 12. g4 Nf6 13. Nc3 O-O-O {½-½ (31) Mokrys,C (2473)-Mercadal Benejam,J (2398) ICCF email 2016}) 12. Bf4 O-O-O 13. Nbd2 Nd7 14. Nd4 Bc5 15. Be3 Bxd4 16. Bxd4 f6 17. Bc3 c5 18. g4 b5 {[#] aiming for ...b4.} 19. b3 Nb8 20. Kg3 Nc6 21. Nf3 Rhe8 22. Rae1 Nb4 23. Bxb4 $1 cxb4 24. g5 Rd6 25. gxf6 gxf6 26. Nh4 Rg8+ 27. Kh2 Bd7 28. Ng2 a5 29. Ne3 Kb7 30. Rf2 Rg5 31. Ref1 Rh5 32. Rf3 Rc6 33. R1f2 Be6 34. Ng2 a4 35. Nf4 Rh6 36. d4 {[#] Hoping for d5.} Bf7 (36... Bg4 $16 37. Rd3 Bd7) 37. Nd3 $18 Bg6 (37... axb3 $16 38. axb3 (38. cxb3 Rc3 $16) 38... Rc3 39. Nxb4 Rxf3 40. Rxf3 Be6) 38. Rxf6 Bxe4 39. Rxh6 Rxh6 {[%mdl 4096] Endgame KRB-KRN} 40. Nc5+ ({Not} 40. Nxb4 Rg6 $14) 40... Kc6 41. Nxe4 {KRN-KR} Kd5 42. Ng3 Re6 43. Rd2 (43. Ne2 $18 {is more deadly.} Ke4 44. Nf4) 43... Re1 $16 44. Kg2 (44. Re2 $18 Rxe2+ 45. Nxe2) 44... Ra1 45. Ne2 Ke4 {White must now prevent ...Ke3.} 46. Ng3+ Kd5 47. bxa4 ({White should try} 47. Nh5 $16) 47... bxa4 $14 48. Ne2 (48. Kf3 $14) 48... Kc4 $11 49. c3 {[%mdl 32768] Precision: White = 55%, Black = 43%. . Loss on Time!?} 1-0

[Event "Tata Steel India 2018-Blitz"]
[Site "Kolkata"]
[Date "2018.11.14"]
[Round "12"]
[White "Vidit, Santosh Gujrathi"]
[Black "Mamedyarov, Shakhriyar"]
[Result "0-1"]
[WhiteElo "2702"]
[BlackElo "2817"]
[Annotator "TA"]
[PlyCount "76"]
[EventDate "2018.11.09"]
[EventType "tourn"]
[EventCountry "IND"]
[SourceTitle "playchess.com"]
[Source "ChessBase"]
[SourceQuality "1"]

{[%evp 12,76,18,0,32,28,49,17,14,9,16,4,15,-6,0,-1,32,-1,-3,-8,-4,-6,22,0,0,0,0,0,0,-484,-337,-389,-393,-393,-393,-386,-388,-454,-448,-454,-454,-431,-454,-454,-454,-454,-446,-516,-483,-719,-699,-685,-649,-1056,-1047,-995,-978,-1190,-1128,-3165,-2474,-2040,-1420,-29987,-29988,-29988,-29989]} 1. d4 d5 2. Nf3 Nf6 3. Bf4 b6 4. e3 Bb7 5. Nbd2 e6 6. Ne5 {D02: 1 d4 d5 2 Nf3 sidelines, including 2...Nf6 3 g3 and 2...Nf6 3 Bf4} (6. Bb5+ c6 7. Bd3 Nbd7 8. O-O Be7 9. h3 O-O 10. c3 c5 11. Qb1 c4 12. Bc2 b5 13. b3 Ba6 14. b4 Bb7 15. a4 a5 16. bxa5 Qxa5 17. Qxb5 Qxc3 18. Bxh7+ Kxh7 19. Qxb7 {1-0 (72) Dubov,D (2648)-Artemiev,V (2663) Sochi 2016}) 6... Bd6 7. Bd3 {LiveBook: 3 Games} Nfd7 8. Qg4 {White is slightly better.} g6 $146 ({Predecessor:} 8... Nxe5 9. Bxe5 Bxe5 10. dxe5 g6 11. O-O Nd7 12. f4 Qe7 13. c3 O-O-O 14. b4 h5 15. Qe2 g5 16. Ba6 Rdg8 17. Qb5 c6 18. Qxc6+ {1-0 (18) Ivannikova,S (2159)-Hamburg,D (1898) Germany 2010}) 9. h4 Bxe5 10. dxe5 {With the idea h5.} Nc6 {[%cal Bb8c6,Bc6b4,Bb4d3][%mdl 32]} 11. Qg3 h6 12. O-O-O Qe7 13. e4 Nb4 14. a3 Nxd3+ 15. Qxd3 O-O-O 16. Qe3 Nc5 17. Bxh6 d4 18. Qf4 $1 {[#] Threatens to win with Bg5.} d3 19. Bg5 Qd7 20. Bxd8 $4 {[%mdl 8192]} (20. c4 $11 {and White has nothing to worry.}) 20... dxc2 21. Kxc2 {Hoping for Bf6.} Qd3+ ({Don't blunder} 21... Nd3 $2 22. Qe3 $18) 22. Kc1 {[#] Strongly threatening Bf6.} Bxe4 23. Qxe4 Nxe4 24. Rh3 Qe2 (24... Qxd8 $2 25. Nxe4 Qe8 26. Re1 $19) 25. Nxe4 {Black must now prevent Bf6.} Rxd8 ({Less strong is} 25... Qxe4 26. Rhd3 $19) 26. Rxd8+ Kxd8 $19 {[%mdl 4096] Endgame KQ-KRN} 27. Re3 Qf1+ 28. Kd2 Qxg2 29. Kc3 Ke7 30. Nf6 (30. Kb3 $142) 30... Qxf2 31. Re4 c5 32. b4 b5 33. bxc5 Qxc5+ 34. Kb3 a5 {[%cal Ba7a5,Ba5b4][%mdl 32]} 35. Kb2 b4 36. axb4 axb4 {And now ...Qc3+ would win.} 37. Re2 Qc3+ 38. Kb1 Qd3+ {Precision: White = 25%, Black = 69%.} 0-1